বাণিজিক আইন/ (Record no. 3691)
[ view plain ]
| 000 -LEADER | |
|---|---|
| fixed length control field | 00816nam a2200229Ia 4500 |
| 003 - CONTROL NUMBER IDENTIFIER | |
| control field | BUBTL |
| 008 - FIXED-LENGTH DATA ELEMENTS--GENERAL INFORMATION | |
| fixed length control field | 151213s9999 xx 000 0 und d |
| 041 ## - LANGUAGE CODE | |
| Language code of text/sound track or separate title | বাংলা ও ইংরেজী |
| 082 ## - DEWEY DECIMAL CLASSIFICATION NUMBER | |
| Classification number | 346/ H7949c/ 2008 |
| 100 ## - MAIN ENTRY--PERSONAL NAME | |
| Personal name | হোসেন, অধ্যক্ষ মোঃ আলতাফ |
| 9 (RLIN) | 5297 |
| 245 ## - TITLE STATEMENT | |
| Title | বাণিজিক আইন/ |
| Statement of responsibility, etc. | অধ্যক্ষ মো: আলতাফ হোসেন |
| 250 ## - EDITION STATEMENT | |
| Edition statement | ৫ম সং |
| 260 ## - PUBLICATION, DISTRIBUTION, ETC. (IMPRINT) | |
| Place of publication, distribution, etc. | ঢাকা |
| Name of publisher, distributor, etc. | সিটি ল’ বুক হাউজ |
| Date of publication, distribution, etc. | c2008 |
| 300 ## - PHYSICAL DESCRIPTION | |
| Extent | 475 p. : |
| Other physical details | ill. ; 21 cm. |
| 526 ## - STUDY PROGRAM INFORMATION NOTE | |
| Program name | Law |
| 650 ## - SUBJECT ADDED ENTRY--TOPICAL TERM | |
| Topical term or geographic name as entry element | Law |
| 650 ## - SUBJECT ADDED ENTRY--TOPICAL TERM | |
| Topical term or geographic name as entry element | |
| 700 ## - ADDED ENTRY--PERSONAL NAME | |
| Personal name | অধ্যক্ষ মো: আলতাফ হোসেন |
| 9 (RLIN) | 5533 |
| 856 ## - ELECTRONIC LOCATION AND ACCESS | |
| Password | 0 |
| Logon | 0 |
| Link text | Download |
| 942 ## - ADDED ENTRY ELEMENTS (KOHA) | |
| Source of classification or shelving scheme | |
| Koha item type | Books |
| Withdrawn status | Lost status | Source of classification or shelving scheme | Damaged status | Not for loan | Collection code | Permanent location | Current location | Shelving location | Date acquired | Source of acquisition | Inventory number | Total Checkouts | Full call number | Barcode | Date last seen | Date last checked out | Copy number | Price effective from | Koha item type |
|---|---|---|---|---|---|---|---|---|---|---|---|---|---|---|---|---|---|---|---|
| Non-fiction | Bangladesh University of Business and Technology Library | Bangladesh University of Business and Technology Library | Law Stacks | 07/25/2009 | Purchase | 6853 | 1 | 346/ H7949c/ 2008 | BUBTL-20036853 | 06/04/2024 | 05/30/2024 | C-1 | 10/10/2023 | Books | |||||
| Not For Loan | Non-fiction | Bangladesh University of Business and Technology Library | Bangladesh University of Business and Technology Library | Law Stacks | 09/05/2008 | 5968 | 346/ H7949c/ 2008 | BUBTL-20035968 | 07/31/2024 | C-2 | 07/31/2024 | Books | |||||||
| Non-fiction | Bangladesh University of Business and Technology Library | Bangladesh University of Business and Technology Library | Law Stacks | 07/25/2009 | Purchase | 6852 | 346/ H7949c/ 2008 | BUBTL-20036852 | 07/31/2024 | C-3 | 07/31/2024 | Books | |||||||
| Non-fiction | Bangladesh University of Business and Technology Library | Bangladesh University of Business and Technology Library | Law Stacks | 07/25/2009 | Purchase | 6854 | 346/ H7949c/ 2008 | BUBTL-20036854 | 07/31/2024 | C-4 | 07/31/2024 | Books | |||||||
| Not For Loan | Non-fiction | Bangladesh University of Business and Technology Library | Bangladesh University of Business and Technology Library | Law Stacks | 06/07/2009 | Purchase | 3188 | 346/ H7949c/ 2008 | BUBTL-20033188 | 07/31/2024 | C-5 | 07/31/2024 | Books |
